000 00451nam a2200181Ia 4500
005 20250508160715.0
008 008 250505s9999 xx 000 0 hin d
037 _aTextual
040 _aFEDL
_beng
_cFEDL
041 _ahin
_2eng
084 _a891.431, SNA
_qFEDL
100 _aSnatak Vijendra
245 0 _aKavya parijat
300 _a168p
546 _aWeeded out
942 _cTEXL
_h891.431, SNA
999 _c1366147
_d1366147